| 000 | 00470nam a2200121Ia 4500 | ||
|---|---|---|---|
| 008 | 220620s9999||||xx |||||||||||||| ||und|| | ||
| 100 | _aPaquette, Laure | ||
| 245 | 0 | _aTeaching Political Science to Undergraduates. Active Pedagogy for the Microchip Mind | |
| 546 | _aEnglish[eng] | ||
| 650 | _apolitical science||university||higher education||active pedagogy||teaching and learning||case study||role-play | ||
| 856 | _uhttps://doi.org/10.1515/9783110450552 | ||
| 942 | _cEB | ||
| 999 |
_c26035 _d26035 |
||